[Event "Steinfurt Bezirksklasse 1819"]
[Site "Germany"]
[Date "2018.12.01"]
[Round "3.2"]
[White "Tost, Otfried"]
[Black "Schmiemann, Karlheinz"]
[Result "1/2-1/2"]
[WhiteElo "1413"]
[BlackElo "1369"]
[PlyCount "110"]
[EventDate "2018.09.29"]
[EventType "team-tourn"]
[EventRounds "7"]
[EventCountry "GER"]
[SourceTitle "EXT 2020"]
[Source "ChessBase"]
[SourceDate "2019.10.17"]
[SourceVersion "1"]
[SourceVersionDate "2019.10.17"]
[SourceQuality "1"]
[WhiteTeam "Nordwalde II"]
[BlackTeam "Rheine Klein Berlin III"]
[WhiteTeamCountry "GER"]
[BlackTeamCountry "GER"]

1. e4 e5 2. Nc3 Nf6 3. d3 Nc6 4. f4 exf4 5. Bxf4 d6 6. Nf3 Bg4 7. Be2 Bxf3 8. Bxf3 Nd4 9. 0-0 Nxf3+ 10. Qxf3 Qd7 11. e5 dxe5 12. Bxe5 Bc5+ 13. Kh1 0-0-0 14. Bxf6 gxf6 15. Qxf6 Rdf8 16. Qf5 Bd4 17. Rae1 Qxf5 18. Rxf5 Re8 19. Ref1 Rhf8 20. g3 Bxc3 21. bxc3 Re7 22. Kg2 Kd8 23. g4 Ke8 24. g5 Rg8 25. h4 h6 26. Kf3 hxg5 27. hxg5 Rg6 28. Kg4 Ra6 29. Rb5 c6 30. Rb2 Ra5 31. Rf5 Rxf5 32. Kxf5 b6 33. Rb4 Re2 34. Re4+ Rxe4 35. Kxe4 Ke7 36. Ke5 b5 37. d4 a6 38. a3 a5 39. d5 c5 40. d6+ Ke8 41. Kf6 b4 42. cxb4 cxb4 43. axb4 a4 44. d7+ Kxd7 45. Kxf7 a3 46. g6 a2 47. g7 a1Q 48. g8Q Qf1+ 49. Kg7 Qg2+ 50. Kf8 Qxc2 51. Qd5+ Kc7 52. Qa5+ Kb7 53. b5 Qc8+ 54. Ke7 Qc7+ 55. Qxc7+ Kxc7 1/2-1/2

[Event "Steinfurt Bezirksklasse 1617"]
[Site "Germany"]
[Date "2017.01.14"]
[Round "5.1"]
[White "Tost, Otfried"]
[Black "Terhorst, Timo"]
[Result "0-1"]
[WhiteElo "1483"]
[BlackElo "1617"]
[PlyCount "62"]
[EventDate "2016.09.17"]
[EventType "team"]
[EventRounds "10"]
[EventCountry "GER"]
[SourceTitle "EXT 2018"]
[Source "ChessBase"]
[SourceDate "2017.10.13"]
[SourceVersion "1"]
[SourceVersionDate "2017.10.13"]
[SourceQuality "1"]
[WhiteTeam "Nordwalde II"]
[BlackTeam "Rheine CC"]
[WhiteTeamCountry "GER"]
[BlackTeamCountry "GER"]

1. e4 c5 2. Nc3 d6 3. f4 Nc6 4. Nf3 Bg4 5. Be2 Bxf3 6. Bxf3 e6 7. 0-0 Nf6 8. Qe1 Nd4 9. Bd1 Be7 10. d3 0-0 11. g4 Nd7 12. Qg3 f5 13. g5 g6 14. h4 Kg7 15. h5 b5 16. Be3 b4 17. Bxd4+ cxd4 18. Ne2 e5 19. Rf2 Nc5 20. fxe5 Bxg5 21. Rg2 Be3+ 22. Kh1 f4 23. Qf3 Qh4+ 24. Rh2 Qe1+ 25. Kg2 dxe5 26. Rh1 Qd2 27. hxg6 hxg6 28. Rh4 Rh8 29. Qg4 Qe1 30. Nxf4 exf4 31. Rxh8 Qf2+ 0-1

[Event "Steinfurt Bezirksklasse 1617"]
[Site "Germany"]
[Date "2016.12.03"]
[Round "4.2"]
[White "Tost, Otfried"]
[Black "Merschkoetter, Peter"]
[Result "0-1"]
[WhiteElo "1483"]
[BlackElo "1645"]
[PlyCount "85"]
[EventDate "2016.09.17"]
[EventType "team"]
[EventRounds "10"]
[EventCountry "GER"]
[SourceTitle "EXT 2018"]
[Source "ChessBase"]
[SourceDate "2017.10.13"]
[SourceVersion "1"]
[SourceVersionDate "2017.10.13"]
[SourceQuality "1"]
[WhiteTeam "Nordwalde II"]
[BlackTeam "Reckenfeld II"]
[WhiteTeamCountry "GER"]
[BlackTeamCountry "GER"]

1. e4 e5 2. Nc3 Nc6 3. d3 h6 4. f4 exf4 5. Bxf4 Bb4 6. Nf3 d6 7. Be2 Nf6 8. 0-0 Bg4 9. Qe1 Bxf3 10. Bxf3 Nd4 11. Bd1 Ne6 12. Bd2 c6 13. Kh1 Qd7 14. a3 Ba5 15. Be3 0-0-0 16. Qf2 Qc7 17. b4 Bb6 18. d4 Kb8 19. Na4 d5 20. e5 Ne4 21. Qe1 Bxd4 22. Bxd4 Nxd4 23. c3 Ne6 24. Bc2 Qxe5 25. Bxe4 Qxe4 26. Qxe4 dxe4 27. Rxf7 b5 28. Nb2 Rd2 29. Nd1 Rhd8 30. Ne3 R2d3 31. Re1 Rxe3 32. Ref1 Re2 33. Rg1 e3 34. Re7 Nf4 35. Rxg7 Rf2 36. h3 e2 37. Re7 Rd1 38. Kh2 Rxg1 39. Kxg1 Rf1+ 40. Kh2 e1Q 41. Rxe1 Rxe1 42. Kg3 Nxg2 43. Kxg2 0-1